LIBRARY & INFORMATION CENTRE, KCAET, TAVANUR

ONLINE PUBLIC ACCESS CATALOGUE (OPAC)

Agricultural engineering question bank (Record no. 17387)

MARC details
000 -LEADER
fixed length control field 00426nam a22001337a 4500
003 - CONTROL NUMBER IDENTIFIER
control field OSt
008 - FIXED-LENGTH DATA ELEMENTS--GENERAL INFORMATION
fixed length control field 210806b ||||| |||| 00| 0 eng d
020 ## - INTERNATIONAL STANDARD BOOK NUMBER
ISBN 9788183600477
082 ## - DEWEY DECIMAL CLASSIFICATION NUMBER
Classification number 630.1076
Item number AGR
245 ## - TITLE STATEMENT
Title Agricultural engineering question bank
260 ## - PUBLICATION, DISTRIBUTION, ETC. (IMPRINT)
Place of publication New Delhi
Name of publisher JainBrothers
Year of publication 2020
500 ## - GENERAL NOTE
General note Dr. Balasaheb Sawant Konkan Krishi Vidyapeeth, College of Agricultural Engineering and Technology, Dapoli
942 ## - ADDED ENTRY ELEMENTS (KOHA)
Koha item type Books
Holdings
Withdrawn status Lost status Damaged status Home library Current library Shelving location Date acquired Source of acquisition Cost, normal purchase price Full call number Accession Number Koha item type
      KAUAET KAUAET Scheme 31/03/2021 M/S TBS Books Calicut 375.00 630.1076 AGR BB 602 Book Bank scheme for SC students
      KAUAET KAUAET Scheme 31/03/2021 M/S TBS Books Calicut 375.00 630.1076 AGR BB 603 Book Bank scheme for SC students
free website counter